Countries as Animals - Statistics

General Stats
  • This quiz has been taken 7 times
    5 since last reset
  • The average score is 35 of 49
Answer Stats
Hint Answer % Correct
Parrot
Austria
100%
Cyprus
100%
Turtle
Finland
100%
Kuwait
100%
Nauru
100%
South Korea
100%
Switzerland
100%
Vatican City
100%
Snake
Azerbaijan
75%
Benin
75%
Chile
75%
Fish
Croatia
75%
Squid
Democratic Republic of the Congo
75%
Guyana
75%
Iceland
75%
Italy
75%
Ivory Coast
75%
Jamaica
75%
Japan
75%
Kosovo
75%
Madagascar
75%
Mali
75%
Mexico
75%
Nicaragua
75%
Pakistan
75%
Panama
75%
Paraguay
75%
Portugal
75%
Senegal
75%
Sierra Leone
75%
Somalia
75%
Sri Lanka
75%
Timor Leste
75%
United States of America
75%
Vietnam
75%
Dog
Argentina
50%
China
50%
Estonia
50%
Ethiopia
50%
France
50%
Georgia
50%
Mongolia
50%
Brachiosaurus
Morocco
50%
Palau
50%
Peru
50%
Qatar
50%
Tunisia
50%
Rat
Brunei
25%
Fiji
25%
No matching quizzes found
Score Distribution
Percent of People with Each Score
Percentile by Number Answered
Your Score History
You have not taken this quiz since the last reset